Kuch Aur Nahi / کچھ اور نہیں (Urdu) / (Record no. 592771)
[ view plain ]
| 000 -LEADER | |
|---|---|
| fixed length control field | 00433nam a22001577a 4500 |
| 003 - CONTROL NUMBER IDENTIFIER | |
| control field | NUST |
| 005 - DATE AND TIME OF LATEST TRANSACTION | |
| control field | 20230314180206.0 |
| 020 ## - INTERNATIONAL STANDARD BOOK NUMBER | |
| International Standard Book Number | 9693500849 |
| 082 ## - DEWEY DECIMAL CLASSIFICATION NUMBER | |
| Classification number | 891.4393,BAN |
| 100 ## - MAIN ENTRY--PERSONAL NAME | |
| Personal name | Bano, Qudsia |
| 9 (RLIN) | 8994 |
| 245 ## - TITLE STATEMENT | |
| Title | Kuch Aur Nahi / کچھ اور نہیں (Urdu) / |
| Statement of responsibility, etc. | Bano Qudsia |
| 260 ## - PUBLICATION, DISTRIBUTION, ETC. | |
| Place of publication, distribution, etc. | Lahore |
| Name of publisher, distributor, etc. | Sang-e-Meel Pub |
| Date of publication, distribution, etc. | 2015 |
| 300 ## - PHYSICAL DESCRIPTION | |
| Extent | 247 p.; |
| 650 ## - SUBJECT ADDED ENTRY--TOPICAL TERM | |
| Topical term or geographic name entry element | Urdu Literatur- Short stories |
| 9 (RLIN) | 105580 |
| 942 ## - ADDED ENTRY ELEMENTS (KOHA) | |
| Source of classification or shelving scheme | |
| Koha item type | Book |
| Call number prefix | 891.4393,BAN |
| Withdrawn status | Lost status | Source of classification or shelving scheme | Damaged status | Not for loan | Permanent Location | Current Location | Shelving location | Date acquired | Shelving control number | Total Checkouts | Full call number | Barcode | Date last seen | Date last checked out | Price effective from | Koha item type | Public note |
|---|---|---|---|---|---|---|---|---|---|---|---|---|---|---|---|---|---|
| Military College of Signals (MCS) | Military College of Signals (MCS) | General Stacks | 12/22/2022 | Urdu Literature | 1 | 891.4393,BAN | MCS37837 | 12/28/2022 | 12/22/2022 | 12/22/2022 | Book | Almirah No.66, Shelf No.3 |
